| 000 | 00425nam a2200181Ia 4500 | ||
|---|---|---|---|
| 005 | 20250423095856.0 | ||
| 008 | 250422s9999 xx 000 0 und d | ||
| 020 | _a0-439776953 | ||
| 050 | _aPR 9387 .S77/ | ||
| 100 | _aStrasser, Todd | ||
| 245 | 0 | _aIs that a sick cat in your backpack? | |
| 260 | _aNew York | ||
| 260 | _bScholastic Inc. | ||
| 260 | _c2007 | ||
| 300 | _a196 p | ||
| 650 | _aLiterature | ||
| 942 | _cBK | ||
| 999 |
_c31596 _d31596 |
||